Škrovánková, L., Bilíková, M.: Penzijné a nemocenské poistenie
Cieľom recenzovanej publikácie je poskytnúť odbornej verejnosti vedomosti z oblasti penzijného a nemocenského poistenia zakladajúce sa na aktuárskej matematike. Rôzne matematické modely sa tu využívajú na aktuárske výpočty používané v uvedenej oblasti. Monografia je rozdelená na dve samostatné časti...
Guardado en:
| Autor principal: | |
|---|---|
| Formato: | Capítulo de libro |
| Lenguaje: | eslovaco |
| Materias: | |
| Etiquetas: |
Sin Etiquetas, Sea el primero en etiquetar este registro!
|
MARC
| LEADER | 00000naa$a2200000$$$4500 | ||
|---|---|---|---|
| 001 | 0019832 | ||
| 005 | 20240502071409.8 | ||
| 041 | 0 | |a slo | |
| 044 | |a SK | ||
| 245 | 1 | 0 | |a Škrovánková, L., Bilíková, M.: Penzijné a nemocenské poistenie |c František Peller |
| 520 | |a Cieľom recenzovanej publikácie je poskytnúť odbornej verejnosti vedomosti z oblasti penzijného a nemocenského poistenia zakladajúce sa na aktuárskej matematike. Rôzne matematické modely sa tu využívajú na aktuárske výpočty používané v uvedenej oblasti. Monografia je rozdelená na dve samostatné časti: Penzijné poistenie a Nemocenské poistenie. | ||
| 610 | 2 | 0 | |a recenzie |
| 610 | 2 | 0 | |a poistenie sociálne |
| 610 | 2 | 0 | |a poistenie nemocenské |
| 610 | 2 | 0 | |a modely matematické |
| 610 | 2 | 0 | |a poistenie dôchodkové |
| 100 | 1 | |a Peller, František | |